|
|
|
|
| LEADER |
00000nab a2200000uu 4500 |
| 001 |
vtls011451009 |
| 003 |
SK-MaSNL |
| 005 |
20260303151405.0 |
| 008 |
230222|1977 xo |||||||||||||||||eng| |
| 015 |
|
|
|a SNBRB
|
| 035 |
|
|
|a (urnnbn)urn:nbn:sk:snk:ar-006k92
|
| 035 |
|
|
|a (uuid)8ef471f2-deb9-42f4-b782-fac9cf598b21
|
| 035 |
|
|
|a urn:nbn:sk:snk-abcn2g
|
| 040 |
|
|
|a SNKBUCL
|b slo
|c SNKBUCL
|e AACR2
|
| 041 |
0 |
|
|a eng
|
| 044 |
|
|
|a xo
|c SK
|
| 100 |
1 |
|
|a Dekrét, Anton,
|d 1932-
|4 aut
|9 171992
|
| 245 |
1 |
0 |
|a ON A HORIZONTAL STRUKTURE ON DIFFERENTIABLE MANIFOLDS
|c Anton Dekrét
|
| 773 |
0 |
|
|t Mathematica Slovaca
|g Roč. 27, č. 1 (1977), s. 25-32
|
| 958 |
|
|
|a OND
|
| 958 |
|
|
|a EUIPO
|
| 958 |
|
|
|a article16
|
| 999 |
|
|
|c 2017495
|d 2019425
|